000
00243nam a2200097 a 4500
005
20200930065824.0
008
110726s1917 000 spa d
245
0
_a
Leyes interiores de la Resp. Log. Veritas.
260
_c
1917.
999
_c
32258
_d
32258
040
_a
DO-SdBNP